=LDR 00000nam 2200000 4500 =001 000512 =005 20250710104131 =035 ##$$a 0010-0725000374 =007 ta =008 250710################a##########0#ind## =020 ##$$a 978-623-307-034-8 =082 ##$$a 398.209 598 23 =084 ##$$a 398.209 598 23 RAM k =100 #$$a Ramadiansyah, Dzulqornain =245 1#$$a Kawanku Anak Badui /$c Dzulqirnain Ramadiansyah =250 ##$$a Cetakan Pertama =260 ##$$a Jakarta :$b Badan Pengembangan dan Pembinaan Bahasa,$c 2029 =300 ##$$a 24 hlm. : $b Ilus. ; $c 29,7 cm =650 #4$$a CERITA ANAK-BADUI =650 #4$$a KOMIK =990 ##$$a TBM02650265